[Event "USA ch 2013 Women's"]
[Site "Saint Louis USA"]
[Date "2013.05.12"]
[Round "9.5"]
[White "Ni, Viktorija"]
[Black "Abrahamyan, Tatev"]
[Result "0-1"]
[WhiteElo "2262"]
[BlackElo "2280"]
[PlyCount "82"]
[EventDate "2013.05.03"]
[EventType "tourn"]
[EventRounds "9"]
[EventCountry "USA"]
[EventCategory "2"]
[Source "lmi"]
[SourceDate "2013.05.03"]

1. d4 Nf6 2. c4 e6 3. Nc3 Bb4 4. Qc2 O-O 5. e4 d5 6. e5 Ne4 7. Bd3 c5 8. Nf3
cxd4 9. Nxd4 Nd7 10. Bf4 Ndc5 11. O-O Bxc3 12. bxc3 Bd7 13. Bxe4 Nxe4 14. f3
Nc5 15. cxd5 exd5 16. Qd2 Rc8 17. Bg5 Qa5 18. Rac1 Rfe8 19. Rfe1 Qa6 20. Re3
Ne6 21. Nxe6 Bxe6 22. Rd3 Rc5 23. Rd4 Rec8 24. Be7 Rc4 25. Rxc4 Rxc4 26. Bg5
Qc6 27. Be3 a5 28. Bd4 b5 29. Rb1 h6 30. h3 Bxh3 31. e6 Bxe6 32. Qf4 Kh7 33.
Re1 b4 34. Qe5 f6 35. Qxe6 Qxe6 36. Rxe6 bxc3 37. Be3 c2 38. Bc1 Rd4 39. Kf2
Rd1 40. Re1 d4 41. Bf4 d3 0-1